000 00905nam a22002897a 4500
003 DO-SdBNP
005 20240524122113.0
008 171102b 2009 sp ||| 00| 0 spa d
020 _a9788475563763
040 _aBPMSU
_bspa
_cBPMSU
082 4 _a793.35
_bK84a 2009
_222
092 _axxxxx
_bxxxxx
100 1 _aKorek, Devorah
245 1 3 _aEl arte de la danza oriental :
_bdanza del vientre /
_cDevorah Korek
250 _a4a ed.
260 _aBarcelona :
_bOcéano,
_c2009.
300 _a303 p. :
_bil. ;
_c25 cm.
490 0 _aOcéano Ámbar
500 _aLa danza más sensual del mundo, explicada paso a paso
590 _aInventariado, 2024/VM
650 4 _a Danza del vientre
_xHistoria
650 4 _aDanza de vientre
_xEnseñanza
650 4 _aDanza del vientre
_vTécnicas
700 1 _aGarcía Jordi
_efotografías
910 _aVMateo V. Control de la calidad. BPMSU
942 _2ddc
_cBK
999 _c12750
_d12750